The Indian trusts act, 1882 / (Record no. 41934)

MARC details
000 -LEADER
fixed length control field 00717nam a22002297a 4500
005 - DATE AND TIME OF LATEST TRANSACTION
control field 20100814095637.0
010 ## - LCCN (DPL NO)
LC control number ENG-100441
020 ## - INTERNATIONAL STANDARD BOOK NUMBER
Terms of availability 80.00
035 ## - SYSTEM CONTROL NUMBER
System control number EN-83974
037 ## - SOURCE OF ACQUISITION
Source of stock number/acquisition DBAD/PUB
082 ## - DEWEY DECIMAL CLASSIFICATION NUMBER
Classification number 346.54
100 ## - MAIN ENTRY--PERSONAL NAME
Personal name Taxpert
245 ## - TITLE STATEMENT
Title The Indian trusts act, 1882 /
Statement of responsibility, etc by Taxpert
250 ## - EDITION STATEMENT
Edition statement 4th ed.
260 ## - PUBLICATION, DISTRIBUTION, ETC. (IMPRINT)
Place of publication, distribution, etc Mumbai
Name of publisher, distributor, etc C. jamnadas & Co.
Date of publication, distribution, etc 2008
270 ## - ADDRESS
Address 146-C, Shamaldas Gandhi Marg
City Mumbai
Postal code 400002
300 ## - PHYSICAL DESCRIPTION
Extent 120 p.
Dimensions 22cm (Pbk)
650 ## - SUBJECT ADDED ENTRY--TOPICAL TERM
Topical term or geographic name as entry element Trust & trustees
700 ## - ADDED ENTRY--PERSONAL NAME
9 (RLIN) 12834
942 ## - ADDED ENTRY ELEMENTS (KOHA)
Source of classification or shelving scheme Dewey Decimal Classification
Item type English Books
Classification part 346.54
Call number suffix TAX
Holdings
Withdrawn status Lost status Not for loan Collection code Home library Current library Date acquired Cost, normal purchase price Full call number Barcode Copy number Cost, replacement price Koha item type
    Not For Loan Non-fiction D.B.Act.Division D.B.Act.Division 14/08/2010 80.00 346.54 TAX EN-83974 1 80.00 English Books

© Delhi Public Library
Hit Counter
free hit counter